000
00250nam a22001217a 4500
003
SGT
082
_b
BHU
100
_a
BHUYAN, NISIGANDHA
245
_a
JOURNAL OF HUMAN VALUES
260
_a
INDIA
_b
SAGE
_c
2022-23
300
_a
273
942
_2
ddc
_c
BV
999
_c
29882
_d
29882